00855nam a22002057a 450000500170000001000150001702000260003203500140005803700090007208200140008110000320009524501240012726000340025127000640028530000210034950000800037094200250045099900190047595201550049420241118121725.0 aENG-142583 c960.00a9789390746354 aEN-126115 bDBAD a966.2621 aIsaac, Nwobi Obiora 973982 aThe Nigeria-Biafra War, OAU and the Politics of Diplomatic Recognition of Biafra, 1967 – 1970/cby Nwobi Obiora Isaac aKolkatabExceller Booksc2021 aG1 Dream Apartment, Degree College Roadb Belgharia,Kolkata a246p. c22cm(pb) aThe Politics of Biafra Diplomatic Recognition During The Nigeria Civil War 2ddccENmNWOh966.26 c207004d207004 001040708NFICaBNbBNd2024-11-18eDelivery of Books Act Divisiong960.00l0oNWO 966.26pEN-126115r2024-11-18 00:00:00t1v960.00w2024-11-18yEN